| 000 | 00923pab a2200169 454500 | ||
|---|---|---|---|
| 008 | 180718b2000 xxu||||| |||| 00| 0 eng d | ||
| 100 | _aNavlakha, Gautam | ||
| 245 | _aKashmir: an idea which cannot be suppressed | ||
| 260 | _c2000 | ||
| 300 | _ap.253-55 | ||
| 362 | _a29 Jan | ||
| 520 | _aIf the central government is sincere in its desire to seek a peaceful solution to the Kashmir issue, then the first step towards this goal is to privilege politics over guns, set free the thousands of prisoners against whom no charges have been filed as well as the Hurriyat leaders in preventive detention. It is time to challenge the received wisdom that the assertion of the idea of `azadi' is lethal, but not hate politics of certain political parties. - Reproduced | ||
| 650 | _aJammu and Kashmir - Politics and government | ||
| 650 | _aPolitics and government | ||
| 773 | _aEconomic and Political Weekly | ||
| 909 | _a43872 | ||
| 999 |
_c43872 _d43872 |
||